Biology: Concepts and connections (Record no. 1209691)

MARC details
000 -LEADER
fixed length control field 01122nam a2200325Ia 4500
003 - CONTROL NUMBER IDENTIFIER
control field OSt
005 - DATE AND TIME OF LATEST TRANSACTION
control field 20221007122025.0
008 - FIXED-LENGTH DATA ELEMENTS--GENERAL INFORMATION
fixed length control field 221006b |||||||| |||| 00| 0 eng d
020 ## - INTERNATIONAL STANDARD BOOK NUMBER
International Standard Book Number 0321314883 (pbk)
037 ## - SOURCE OF ACQUISITION
Terms of availability Textbook
040 ## - CATALOGING SOURCE
Original cataloging agency BDL
Transcribing agency BDL
Language of cataloging eng
041 ## - LANGUAGE CODE
Source of code eng
Language code of text/sound track or separate title eng
100 ## - MAIN ENTRY--PERSONAL NAME
Personal name Campbell Neil A
9 (RLIN) 395839
245 #0 - TITLE STATEMENT
Title Biology: Concepts and connections
Remainder of title Reece Jane B Taylor Martha R Simon Eric J
250 ## - EDITION STATEMENT
Edition statement 5
260 ## - PUBLICATION, DISTRIBUTION, ETC.
Place of publication, distribution, etc. San
Name of publisher, distributor, etc. Francisco Pearson Education,Inc.,
Date of publication, distribution, etc. 2006
300 ## - PHYSICAL DESCRIPTION
Extent xxxv, 783p. Includes CD-ROM
Dimensions cm.
500 ## - GENERAL NOTE
General note Appendix 1-4p.; Glossary A-Zp.; Index A-Zp.
650 ## - SUBJECT ADDED ENTRY--TOPICAL TERM
Topical term or geographic name entry element Cell biology
650 ## - SUBJECT ADDED ENTRY--TOPICAL TERM
Topical term or geographic name entry element Biology
700 ## - ADDED ENTRY--PERSONAL NAME
Personal name Reece Jane B
9 (RLIN) 395534
700 ## - ADDED ENTRY--PERSONAL NAME
Personal name Simon Eric J
9 (RLIN) 482122
700 ## - ADDED ENTRY--PERSONAL NAME
Personal name Taylor Martha R
9 (RLIN) 424576
942 ## - ADDED ENTRY ELEMENTS (KOHA)
Classification part G, P6 Carb
Koha item type Textbook
Source of classification or shelving scheme Colon Classification (CC)
Holdings
Withdrawn status Lost status Source of classification or shelving scheme Damaged status Not for loan Home library Current library Date acquired Source of acquisition Total Checkouts Full call number Barcode Date last seen Price effective from Koha item type
    Colon Classification (CC)     Department of Botany Library Department of Botany Library 2022-10-07 144/06-07, 29/11/2006, N R Book Distributors   G P6 Carb BD0005134 2022-10-07 2022-10-07 Textbook
Copyright @ Delhi University Library System